Web warehousing and knowledge management
Αποθηκεύτηκε σε:
| Κύριος συγγραφέας: | |
|---|---|
| Άλλοι συγγραφείς: | |
| Μορφή: | Βιβλίο |
| Γλώσσα: | English |
| Δημοσίευση: |
New York :
McGraw-Hill,
c1999
|
| Σειρά: | McGraw-Hill enterprise computing series
|
| Θέματα: | |
| Ετικέτες: |
Προσθήκη ετικέτας
Δεν υπάρχουν, Καταχωρήστε ετικέτα πρώτοι!
|
MARC
| LEADER | 00000nam a2200000 i 4500 | ||
|---|---|---|---|
| 001 | 1/4144 | ||
| 008 | 000524s1999 eng d | ||
| 020 | |a 0-07-041103-4 | ||
| 035 | |l 10061051 | ||
| 040 | |a GR-MY-UA |b gre |e aacr | ||
| 041 | 0 | |a eng | |
| 082 | 0 | |a 658.40380285574 | |
| 100 | 1 | |a Mattison, Rob. | |
| 245 | 1 | 0 | |a Web warehousing and knowledge management / |c Rob Mattison ; edited and illustrated by Brigitte Kilger-Mattison |
| 260 | |a New York : |b McGraw-Hill, |c c1999 | ||
| 300 | |a xxv, 576 p. | ||
| 490 | 1 | |a McGraw-Hill enterprise computing series | |
| 504 | |a Includes index | ||
| 650 | 0 | 0 | |a Data warehousing. |
| 650 | 0 | 0 | |a Information resources management. |
| 700 | 1 | |a Kilger-Mattison, Brigitte. |4 edt | |
| 830 | 0 | |a McGraw-Hill enterprise computing series | |
| 852 | |a INST |b CHIOS |e 20000524 |h 658.40380285574 MAT |p 005200017573 |q 005200017573 |t BK |y 0 | ||
| 901 | |a BIBL2-2000-2 | ||
| 909 | |a Χ |b 077998 | ||
| 922 | |a 2ΕΛΗ |b 200005 |c ΤΔΕ |d ΠΑΠΑΣΩΤΗΡΙΟΥ | ||
| 950 | |a 112-1999-11-03 | ||
| 970 | |a ΣΑΛΑΜΟΥΡΑ |b ΜΑΡΙΑ |z 2000/05/26 | ||